LEADER 01002nam0-22003251i-450- 001 990000046540403321 005 20150608105439.0 035 $a000004654 035 $aFED01000004654 035 $a(Aleph)000004654FED01 035 $a000004654 100 $a20020821d2013----km-y0itay50------ba 101 0 $aita 102 $aIT 105 $ay-------001yy 200 1 $aPasseggiatoi a sbalzo in cemento armato per il ponte di Amorosi sul Volturno, Via provinciale Caserta - Benevento$fCamillo Guerra 210 $a[S.l.$cs.n.]$d1913$eNapoli$gStabilimento tipografico M. Pescarolo & Co. 215 $a10 p.$cill.$d29 cm 225 1 $aOpuscoli di architettura tecnica 610 0 $aPonti in cemento armato$aCostruzione 676 $a624.2 700 1$aGuerra,$bCamillo 801 0$aIT$bUNINA$gRICA$2UNIMARC 901 $aBK 912 $a990000046540403321 952 $a13 E 07 14$b24412/14$fFINBC 952 $aRARI C 198/5$b5536$fFARBC 959 $aFINBC 959 $aFARBC 997 $aUNINA LEADER 01045cam0-22003731i-450- 001 990003140540403321 005 20130408103948.0 010 $a88-430-1181-2 035 $a000314054 035 $aFED01000314054 035 $a(Aleph)000314054FED01 035 $a000314054 100 $a20110923d1998----km-y0itay50------ba 101 0 $aita 102 $aIT 105 $ay-------001yy 200 1 $aNavigare tra formazione e lavoro$fa cura di Elena Besozzi 210 $aRoma$cCarocci$d1998 215 $a351 p.$d23 cm 225 1 $aBiblioteca di testi e studi$iScienze dell'educazione$v72 300 $aContiene bibl. 610 0 $aFormazione professionale 610 0 $aIstruzione e occupazione 676 $a374.013$v20$zita 702 1$aBesozzi,$bElena 801 0$aIT$bUNINA$gREICAT$2UNIMARC 901 $aBK 912 $a990003140540403321 952 $a18400 BES$b18269$fSES 952 $a374.013 BES 1$b7263$fBFS 959 $aSES 959 $aBFS 996 $aNavigare tra formazione e lavoro$9455695 997 $aUNINA